Biotechnology / (Record no. 162895)

MARC details
000 -LEADER
fixed length control field 00585nam a22001817a 4500
005 - DATE AND TIME OF LATEST TRANSACTION
control field 20190323150430.0
010 ## - LCCN (DPL NO)
LC control number B-160041
020 ## - INTERNATIONAL STANDARD BOOK NUMBER
Terms of availability 285.00
035 ## - SYSTEM CONTROL NUMBER
System control number B-160041
100 ## - MAIN ENTRY--PERSONAL NAME
Personal name Arora,Mohan P.
245 ## - TITLE STATEMENT
Title Biotechnology /
Statement of responsibility, etc Mohan p. Arora
260 ## - PUBLICATION, DISTRIBUTION, ETC. (IMPRINT)
Place of publication, distribution, etc Delhi
Name of publisher, distributor, etc Himalaya Publishing House
Date of publication, distribution, etc 2005
270 ## - ADDRESS
Address "Pooja Apartment", 4-B, Murari Lal Street, Ansari Road, Daryaganj
City New Delhi
Postal code 110002
Telephone number 23270392,23256286,23278631
300 ## - PHYSICAL DESCRIPTION
Extent 442p.
Other physical details ill
Dimensions 23cm.
700 ## - ADDED ENTRY--PERSONAL NAME
Personal name By Chander Kanta
942 ## - ADDED ENTRY ELEMENTS (KOHA)
Source of classification or shelving scheme Dewey Decimal Classification
Item type English Books
Edition 2005
Classification part 620.8
Call number suffix ARO
Holdings
Withdrawn status Lost status Not for loan Collection code Home library Current library Date acquired Cost, normal purchase price Full call number Barcode Cost, replacement price Koha item type
      Non-fiction Central Library Central Library 23/03/2019 285.00 620.8 ARO B-160041 285.00 English Books

© Delhi Public Library
Hit Counter
free hit counter